| 000 | 00420nam a2200145Ia 4500 | ||
|---|---|---|---|
| 005 | 20240821155411.0 | ||
| 008 | 240821s9999||||xx |||||||||||||| ||und|| | ||
| 082 | _a709.37 POL | ||
| 100 | _aPollitt, J.J. | ||
| 245 | 0 | _aArt of rome C 753 B.C.-A.D. 337 : Sources and documents | |
| 260 |
_aCambridge _bCambridge Univ. Press _c1983 |
||
| 300 | _a252p | ||
| 650 | _aARTS,CRAFTS,MUSIC,SPORTS AND RECREATIONS | ||
| 942 | _cBK | ||
| 999 |
_c112478 _d112478 |
||